Trhové podmienky budú súčasťou súvah prieskum o pripravenosti poisťovní v krajinách strednej a východnej Európy na Solvency II

Bibliographic Details
Main Author: Spiš, Jaroslav (Author)
Format: Article
Language:Slovak
ISSN:1335-8235
Subjects:

MARC

LEADER 00000nab a2200000 a 4500
001 vtls010173047
003 SK-MaSNL
005 20260426101701.0
008 250708c2010 xo ||||||||||||00 b|slo
015 |a SNBRB2010/09  |2 snkbucl 
035 |a (uuid)f60bf779-a45b-443b-850b-9c84b95bf594 
035 |a urn:nbn:sk:snk-ab1gye 
035 |a (urnnbn)urn:nbn:sk:snk:ar-003phf 
038 |a SNKBUCL 
040 |a SNKBUCL  |b slo  |c SNKBUCL  |e AACR2 
041 0 |a slo 
044 |a xo  |c SK 
080 |a 336.71.078.3:368.027:006.032  |x (4-773)  |2 2001 
080 |a 368.027  |2 2001 
080 |a 368.036  |2 2001 
080 |a 006.032  |2 2001 
100 1 |a Spiš, Jaroslav  |4 aut  |9 1119764 
245 1 0 |a Trhové podmienky budú súčasťou súvah  |b prieskum o pripravenosti poisťovní v krajinách strednej a východnej Európy na Solvency II  |c Jaroslav Spiš 
630 0 7 |a Solvency II (smernice)  |2 snkbucl  |9 833935 
650 0 7 |a poisťovne  |2 snkbucl  |9 1979 
650 0 7 |a kapitálová primeranosť  |2 snkbucl  |9 833936 
650 0 7 |a poistné riziko  |2 snkbucl  |9 534253 
650 0 7 |a manažment rizika  |2 snkbucl  |9 4289 
650 0 7 |a prieskumy  |2 snkbucl  |9 362573 
651 7 |a Európa stredná  |2 snkbucl  |9 23970 
651 7 |a Európa východná  |2 snkbucl  |9 167635 
773 0 |t Investor  |g Roč. XI., september (2010), s. 19  |x 1335-8235 
850 |a Slovenská národná knižnica 
852 |a Slovenská národná knižnica 
954 |a odborná, vedecká literatúra pôvodná (slovenská)  |2 lita 
958 |a article2022 
958 |a OND 
958 |a EUIPO 
999 |c 3236072  |d 3238002